<?xml version="1.0" encoding="UTF-8"?>
<record
    xmlns:xsi="http://www.w3.org/2001/XMLSchema-instance"
    xsi:schemaLocation="http://www.loc.gov/MARC21/slim http://www.loc.gov/standards/marcxml/schema/MARC21slim.xsd"
    xmlns="http://www.loc.gov/MARC21/slim">

  <leader>01718nam a22002177a 4500</leader>
  <controlfield tag="003">CUTN</controlfield>
  <controlfield tag="005">20251111112325.0</controlfield>
  <controlfield tag="008">251111b           ||||| |||| 00| 0 eng d</controlfield>
  <datafield tag="041" ind1=" " ind2=" ">
    <subfield code="a">English</subfield>
  </datafield>
  <datafield tag="082" ind1=" " ind2=" ">
    <subfield code="2">23</subfield>
    <subfield code="a">780.9548</subfield>
    <subfield code="b">SAM </subfield>
  </datafield>
  <datafield tag="100" ind1=" " ind2=" ">
    <subfield code="a">Sambamoorthy, P.</subfield>
  </datafield>
  <datafield tag="245" ind1=" " ind2=" ">
    <subfield code="a">South Indian Music : </subfield>
    <subfield code="b">Book 3/</subfield>
  </datafield>
  <datafield tag="260" ind1=" " ind2=" ">
    <subfield code="a">Chennai : </subfield>
    <subfield code="b">The Indian Music Publishing House,</subfield>
    <subfield code="c">2019.</subfield>
  </datafield>
  <datafield tag="300" ind1=" " ind2=" ">
    <subfield code="a">472 p. :</subfield>
    <subfield code="b">ill. ;</subfield>
  </datafield>
  <datafield tag="500" ind1=" " ind2=" ">
    <subfield code="a">In the seventh edition, the theoreticai portions have been further enlarged. Model Appreciation essays on six kritis of Tyagaraja have been added at the end. Some more technical terms have been explained in Chapter XII.

 

Topics like Analytical and Synthetic portrayal of Ragas in musical compositions and the utility of Sutra gitas are additions to this edition.

 

The book has been carefully revised and brought up-to-date.6 Volume Book.</subfield>
  </datafield>
  <datafield tag="505" ind1=" " ind2=" ">
    <subfield code="t">I.

Raga

1

II.

The 72 Melakartas

32

III.

Janya Ragas : Computation

69

IV.

Raga Lakshana

79

V.

Ta1a

101

VI.

Musical Form

116

VII.

Musical Form (cond.)

185

VII.

Folk Music

225

IX.

Musica1 Instruments

247

X.

Sangita Mela- Orchestra

278

XI.

Musical Compositions (Lakshana gita and Tan varnas)

288

XII.

Technical Terms

308

XIII.

Description of Ragas

345

 

Appendix:

 

 

Arohana and Avarohana of Ragas

400

 

Questions

441

 

Musical Aphorism

445

 

Sutra Gitas

446

 

Model Appreciation Essays

447

 

Analytical and Synthetic portrayal of Ragas

469

</subfield>
    <subfield code="a">Table of Contents</subfield>
  </datafield>
  <datafield tag="650" ind1=" " ind2=" ">
    <subfield code="a">Carnatic music.</subfield>
  </datafield>
  <datafield tag="650" ind1=" " ind2=" ">
    <subfield code="a">Raga.</subfield>
  </datafield>
  <datafield tag="690" ind1=" " ind2=" ">
    <subfield code="a">Music</subfield>
  </datafield>
  <datafield tag="942" ind1=" " ind2=" ">
    <subfield code="2">ddc</subfield>
    <subfield code="c">RB</subfield>
  </datafield>
  <datafield tag="999" ind1=" " ind2=" ">
    <subfield code="c">46120</subfield>
    <subfield code="d">46120</subfield>
  </datafield>
  <datafield tag="952" ind1=" " ind2=" ">
    <subfield code="0">0</subfield>
    <subfield code="1">0</subfield>
    <subfield code="2">ddc</subfield>
    <subfield code="4">0</subfield>
    <subfield code="7">0</subfield>
    <subfield code="8">REF</subfield>
    <subfield code="a">CUTN</subfield>
    <subfield code="b">CUTN</subfield>
    <subfield code="c">REF</subfield>
    <subfield code="d">2025-11-11</subfield>
    <subfield code="l">0</subfield>
    <subfield code="o">780.9548 SAM </subfield>
    <subfield code="p">49228</subfield>
    <subfield code="r">2025-11-11 11:21:14</subfield>
    <subfield code="w">2025-11-11</subfield>
    <subfield code="y">RB</subfield>
  </datafield>
</record>
